000 00393cam a22001217a 4500
008 180718b1998 xxu||||| |||| 00| 0 eng d
020 _a8185131112
082 _aT213055 D628/97-98 (R)
245 _aDirectory of Indian publishers and distributors 1997-98
260 _aVaranasi
_bIndian Bibliographic Centre
_c1998
300 _a462p.
650 _aPublishers and publishing - Directories - India
999 _c387319
_d387319